000 01034nam a2200229Ia 4500
003 OSt
005 20251208100015.0
007 ca aa aaaaa
008 201103s9999 xx 000 0 und d
040 _cSSBUL
041 _abur
082 _223
_a၂၉၄.၃၈၂၄ မ
_b၉၃၄၉ S-SAT
100 0 _aမဟာစည်ဆရာတော်ဘုရားကြီး။
245 1 0 _aဝိသုဒ္ဓိမဂ်မြန်မာပြန်၊ ပထမတွဲ /
_cမဟာစည်ဆရာတော်ဘုရားကြီး။
250 _aပဉ္စမအကြိမ်။
260 _aရန်ကုန် ၊
_bစွယ်တော်ပုံနှိပ်တိုက်၊
_c၂၀၀၈။
300 _aဍာ၊ ၅၆၀ စာမျက်နှာ ၊
_c၂၁ စင်တီ။
500 _aS-SAT: Dr. Sai Aung Tun
650 _aဗုဒ္ဓကျမ်းစာ
650 _aဝိသုဒ္ဓိမဂ်။ မြန်မာပြန်။
_955409
942 _2ddc
_cBK1
999 _c46800
_d46800